00937naa a2200193 i 45000010005000000030009000050050017000140080039000310400021000701000157000912450095002486500036003436500021003796550030004007000155004307730130005859420013007159990015007289595KOSZ 00520180427093844.0151126s2006 pl f |100 0 pol cBPKdKOSZ 005/EG1 aSUSZYŃSKI, Robert.d1996 - .bPolitechnika Koszalińska - Wydział Elektroniki i Informatyki,cKatedra Systemów Cyfrowego Przetwarzania Sygnałów10aFPAA Prototyping of SΔ Analog Digital Converters /cRobert Suszyński, Krzysztof Wawryn. 0aPrzetworniki analogowo-cyfrowe. 0aUkłady scalone. 0aMateriały konferencyjne.1 aWAWRYN, Krzysztof.d1996 - .bPolitechnika Koszalińska - Wydział Elektroniki i Informatyki,cKatedra Systemów Cyfrowego Przetwarzania Sygnałów0 iW :tProceedings of 13th IEEE International Conference on Electronics, Circuits and Systems. -dNicea (Francja), 2006. -g4s. cROZ2UKD c9595d9595